Instructor's Resource Manual to Accompany Business and Administrative Communication
Guardado en:
| Autor principal: | |
|---|---|
| Formato: | Libro |
| Lenguaje: | inglés |
| Publicado: |
Homewood
Irwin
1992
|
| Edición: | 2. ed. |
| Materias: | |
| Etiquetas: |
Sin Etiquetas, Sea el primero en etiquetar este registro!
|
MARC
| LEADER | 00000nam a2200000 4500 | ||
|---|---|---|---|
| 001 | c012879 | ||
| 005 | 20221221080656.8 | ||
| 041 | 0 | |a eng | |
| 044 | |a US | ||
| 245 | 1 | 0 | |a Instructor's Resource Manual to Accompany Business and Administrative Communication |c Kitty O. Locker |
| 250 | |a 2. ed. | ||
| 264 | 1 | |a Homewood |b Irwin |c 1992 | |
| 300 | |a 1200 s. | ||
| 610 | 2 | 0 | |a komunikácia |
| 610 | 2 | 0 | |a manažment |
| 610 | 2 | 0 | |a plánovanie strategické |
| 610 | 2 | 0 | |a obchod |
| 100 | 1 | |a Locker, Kitty O. | |